000 00800nas a2200265 4500
001 BR9203621
003 BR-BrBNA
005 20231205095037.0
007 ta
008 230509b bl.|||p| |||| 00| 00por d
040 _aBR-BrBNA
_bpor
_cBiblioteca Nacional de Agricultura
041 _a(En)
072 _aL73
100 1 _aAlfieri, A.F.
100 1 _aAlfieri, A.A.
100 1 _aResende, M.
100 1 _aResende, J.S. de
245 1 _aDetection and propagation of avian enteric reovirus in chickens
650 _aPinto
650 _aDiarreia
650 _aMortalidade Animal
773 0 _tArquivo Brasileiro de Medicina Veterinaria e Zootecnia (Brazil)
_xISSN 0102-0935
_g(Dec 1989), v. 41(6) p. 493-501
_wBR9203621
909 _a202311
_bLúcia
_c55
_dLúcia Elande
942 _2AGRIS
_n0
_cANA
999 _c148422
_d148422